000
00325nam a2200133Ia 4500
008
240624s9999 xx 000 0 und d
041
_a
eng
082
_a
910 JHA
100
_a
JHA S M
245
_a
TOURISM MARKETING
260
_c
2011
_a
Mumbai
_b
Himalaya Publishing House
300
_a
426 : p. : cm. ; 24
365
_c
RS
_b
30
999
_c
19562
_d
19562